00321nam a2200133Ia 4500008004100000041001200041082001100053100001500064245004600079250000800125260003000133300000800163650001600171221030s9999 xx 000 0 und d aEnglish a105.23 aS. S. Sane 0aTheory Of Computer Sciencecby S. S. Sane a2nd bTechnical PubaPunec2005 a443 aBE Computer